სახვითი და გამოყენებითი ხელოვნება დაწყებით კლასებში / (ბიბ.ჩანაწერი № 51505)
[ მარტივი ფორმატი ]
| 000 -ლიდერი | |
|---|---|
| ფიქსირებული სიგრძის საკონტროლო ველი | 01243nam a2200265Ia 4500 |
| 001 - საკონტროლო ნომერი | |
| საკონტროლო ველი | 18494 |
| 003 - საკონტროლო ნომრის იდენტიფიკატორი | |
| საკონტროლო ველი | GE_BSU |
| 005 - ბოლო ოპერაციის თარიღი და დრო | |
| საკონტროლო ველი | 20220411123250.0 |
| 008 - ფიქსირებული სიგრძის მონაცემთა ელემენტები - ზოგადი ინფორმაცია | |
| ფიქსირებული სიგრძის საკონტროლო ველი | 181216s2011||||ge |||||||||||||| ||geo|| |
| 020 ## - წიგნის საერთაშორისო სტანდარტული ნომერი | |
| International Standard Book Number | 9789941180620 |
| 040 ## - კატალოგიზაციის წყარო | |
| Transcribing agency | GE_BSU |
| 041 ## - ენის კოდი | |
| Language code of text/sound track or separate title | geo |
| 080 ## - უნივერსალური ათობითი კლასიფიკაციის ინდექსი | |
| Universal Decimal Classification number | 73/76(072)+745/749 კ-36 |
| 100 ## - მთავარი ჩანაწერი - პიროვნების სახელი | |
| Personal name | კახიანი, დალი |
| 9 (RLIN) | 13663 |
| 245 ## - ცნობა სათაურის შესახებ | |
| Title | სახვითი და გამოყენებითი ხელოვნება დაწყებით კლასებში / |
| Statement of responsibility, etc | დალი კახიანი ; [რედ. ლაურა ბეზარაშვილი]. |
| 264 ## - წარმოების, გამოცემის, დისტრიბუციის და სხვა ცნობები | |
| გამოცემის, წარმოების, დისტრიბუციის... ადგილი | თბილისი : |
| გამოცემის, წარმოების, დისტრიბუციის... სახელწოდება | ილიას სახელმწ. უნ-ტი, |
| გამოცემის, წარმოების, დისტრიბუციის... თარიღი | 2011. |
| 300 ## - ფიზიკური აღწერა | |
| Extent | 308 გვ. : |
| Other physical details | ილ,; |
| Dimensions | 20 სმ. |
| 500 ## - ზოგადი შენიშვნა | |
| General note | მოკლე განმარტ. ლექსიკონი: გვ. 285-293. რეკომენდ. ლიტ.: გვ. 294. |
| 501 ## - შენიშვნა თანმხლებ მასალაზე | |
| With note | ილ.: გვ. 295-308. |
| 653 ## - INDEX TERM--UNCONTROLLED | |
| Uncontrolled term | ხელოვნება |
| 653 ## - INDEX TERM--UNCONTROLLED | |
| Uncontrolled term | გამოყენებითი ხელოვნება |
| 700 ## - ADDED ENTRY--PERSONAL NAME | |
| Personal name | ბეზარაშვილი, ლაურა |
| Relator term | რედაქტორი |
| 9 (RLIN) | 13664 |
| 942 ## - ADDED ENTRY ELEMENTS (KOHA) | |
| Koha item type | წიგნი |
| Source of classification or shelving scheme | |
| ჩამოწერის სტატუსი | დაკარგული ეგზემპლარის სტატუსი | კლასიფიკაციის წყარო ან თაროზე გაწყობის სქემა | დაზიანების სტატუსი | არ გაიცემა | მუდმივი მდებარეობა (დაცვის ადგილი) | ამჟამინდელი ადგილსამყოფელი | თაროზე განთავსების ადგილი | შეძენის თარიღი | ღირებულება, შესყიდვის ნორმალური ფასი | სრული შენახვის შიფრი | შტრიხკოდი | ბოლო ოპერაციის თარიღი | ეგზემპლარის მიმდევრობითი ნომერი (კეტერი?) | ფასის ძალაში შესვლის თარიღი | ეგზემპლარის სახეობა | საჯარო შენიშვნა |
|---|---|---|---|---|---|---|---|---|---|---|---|---|---|---|---|---|
| ბათუმის შოთა რუსთაველის სახელმწიფო უნივერსიტეტის მთავარი ბიბლიოთეკა | ბათუმის შოთა რუსთაველის სახელმწიფო უნივერსიტეტის მთავარი ბიბლიოთეკა | წიგნსაცავი | 2018-12-17 | 7.35 | 73/76(072)+745/749 კ-36 | 47384 | 2018-12-17 | 47384 | 2018-12-17 | წიგნი | 7 ლ. 35 თ. | |||||
| ბათუმის შოთა რუსთაველის სახელმწიფო უნივერსიტეტის მთავარი ბიბლიოთეკა | ბათუმის შოთა რუსთაველის სახელმწიფო უნივერსიტეტის მთავარი ბიბლიოთეკა | წიგნსაცავი | 2018-12-17 | 7.35 | 73/76(072)+745/749 კ-36 | 47385 | 2018-12-17 | 47385 | 2018-12-17 | წიგნი | 7 ლ. 35 თ. | |||||
| ბათუმის შოთა რუსთაველის სახელმწიფო უნივერსიტეტის მთავარი ბიბლიოთეკა | ბათუმის შოთა რუსთაველის სახელმწიფო უნივერსიტეტის მთავარი ბიბლიოთეკა | წიგნსაცავი | 2018-12-17 | 7.35 | 73/76(072)+745/749 კ-36 | 47386 | 2018-12-17 | 47386 | 2018-12-17 | წიგნი | 7 ლ. 35 თ. | |||||
| ბათუმის შოთა რუსთაველის სახელმწიფო უნივერსიტეტის მთავარი ბიბლიოთეკა | ბათუმის შოთა რუსთაველის სახელმწიფო უნივერსიტეტის მთავარი ბიბლიოთეკა | წიგნსაცავი | 2018-12-17 | 7.35 | 73/76(072)+745/749 კ-36 | 47387 | 2018-12-17 | 47387 | 2018-12-17 | წიგნი | 7 ლ. 35 თ. | |||||
| ბათუმის შოთა რუსთაველის სახელმწიფო უნივერსიტეტის მთავარი ბიბლიოთეკა | ბათუმის შოთა რუსთაველის სახელმწიფო უნივერსიტეტის მთავარი ბიბლიოთეკა | წიგნსაცავი | 2018-12-17 | 7.35 | 73/76(072)+745/749 კ-36 | 47388 | 2018-12-17 | 47388 | 2018-12-17 | წიგნი | 7 ლ. 35 თ. |
